Des fureurs héroïques: de gl' Heroici Furori
שמור ב:
| מחבר ראשי: | |
|---|---|
| פורמט: | ספר |
| שפה: | צרפתית |
| יצא לאור: |
París
Les Belles Lettres
1954
|
| סדרה: | Les classiques de l'humanisme
|
| נושאים: | |
| תגים: |
הוספת תג
אין תגיות, היה/י הראשונ/ה לתייג את הרשומה!
|
MARC
| LEADER | 00000nam a2200000 a 4500 | ||
|---|---|---|---|
| 001 | UCZ3245 | ||
| 003 | CL-VaPUC | ||
| 008 | 951020e19540000FR |||||||||||||||||fre|d | ||
| 082 | 0 | 4 | |a 170.202 |b BRU |2 21 |
| 100 | |a Bruno, Giordano |e author |9 319314 | ||
| 245 | 1 | 0 | |a Des fureurs héroïques: de gl' Heroici Furori |
| 300 | |a 456 p | ||
| 942 | |c BK | ||
| 945 | |d 19951020 00:00:00 |a cmena | ||
| 260 | |a París |b Les Belles Lettres |c 1954 | ||
| 650 | 0 | |a Filosofía italiana |9 265241 | |
| 650 | 0 | |a Diálogos |9 257026 | |
| 650 | 0 | |a Amor |9 257817 | |
| 650 | 0 | |a Filosofía |9 223554 | |
| 650 | 0 | |a Ética |9 255099 | |
| 583 | |a last modification |c 19951020 00:00:00 |k Rodrigo Vera | ||
| 490 | 0 | |a Les classiques de l'humanisme | |
| 999 | |c 239736 |d 239734 | ||
| 952 | |0 0 |1 0 |4 0 |6 170_202000000000000_BRU_1954 |7 0 |8 P |9 251105 |a BIBEDU |b BIBEDU |c BIBEDU_PB |d 2019-11-18 |i 158457K |o 170.202 BRU 1954 |p 158457K |r 2024-01-25 |w 2019-11-18 |y BK |k FIL | ||
| 952 | |0 0 |1 0 |4 0 |6 170_202000000000000_BRU_1954 |7 0 |8 A |9 251106 |a BIBART |b BIBART |d 2019-11-18 |i 3426521 |o 170.202 BRU 1954 |p 3426521 |r 2025-03-13 |w 2019-11-18 |y BK |k ART | ||